| 000 | 00915nam a2200217Ii 4500 | ||
|---|---|---|---|
| 003 | JO-AjNU | ||
| 008 | 230605s9999||||xx |||||||||||||| ||und|| | ||
| 017 | _a2006/5/1213 | ||
| 040 |
_aJO-AjNU _bara _erda _cJO-AjNU |
||
| 041 | _aara | ||
| 050 | 1 | 4 | _aBP170.S2566 2006 |
| 100 | 3 |
_aسمارة، محمد, _eauthor _97418 |
|
| 245 | 0 | 0 | _aحزمة إسترتيجيات العمل الإسلامي في العالم: رؤية شمولية ضمن مقتضيات الواقع في مطلع القرن الحادي والعشرين |
| 250 | _aط1 | ||
| 264 | 3 | 1 | _aعمان: دار الجنان للطباعة والنشر، 2006 |
| 300 | _a104ص | ||
| 336 |
_atext _btxt _2rdacontent |
||
| 337 |
_aunmediated _bn _2rdamedia |
||
| 338 |
_avolume _bnc _2rdacarrier |
||
| 650 | 4 |
_aالدعوة الاسلامية- الاسلام والمجتمع- الاسلام والنظام السياسي العالمي الجديد _97419 |
|
| 999 |
_aA269 _c3837 _d3837 |
||